000 00583nam a22001937a 4500
005 20251108170019.0
008 250721s1978 xx 000 0 ara d
082 1 4 _aط/ق/عبد
100 1 _aحمدي، عبد الرحمن
245 1 0 _aلغز بحيرة قارون /
264 1 _aمصر :
_bدار المعارف،
_c1978.
300 _a112ص : مص
490 0 _aسلسلة قصص بوليسية للأولاد ؛ 96
650 1 7 _aالأدب العربي
650 1 7 _aالقصص العربية
650 1 7 _aأدب الأطفال
942 _2ddc
_cBK
999 _c37417
_d37417